Curves, Jacobians, and Abelian varieties : proceedings of an AMS-IMS-SIAM Joint Summer Research Conference on the Schottky Problem

Αποθηκεύτηκε σε:
Λεπτομέρειες βιβλιογραφικής εγγραφής
Συγγραφή απο Οργανισμό/Αρχή: AMS-IMS-SIAM Joint Summer Research Conference on the Schottky Problem University of Massachusetts, Amherst
Άλλοι συγγραφείς: Donagi, Ron (Επιμελητής έκδοσης)
Μορφή: Πρακτικό Συνεδρίου Βιβλίο
Γλώσσα:English
Δημοσίευση: Providence, R.I. : American Mathematical Society, c1992
Σειρά:Contemporary mathematics (American Mathematical Society) ; ; 136
Θέματα:
Ετικέτες: Προσθήκη ετικέτας
Δεν υπάρχουν, Καταχωρήστε ετικέτα πρώτοι!

MARC

LEADER 00000cam a2200000 i 4500
001 1/91289
008 991015s1992 eng d
020 |a 0-8218-5143-8 
035 |l 10053522 
040 |a GR-MY-UA  |b gre  |e aacr 
041 0 |a eng 
082 0 |a 516.352 
111 2 |a AMS-IMS-SIAM Joint Summer Research Conference on the Schottky Problem   |d (1990 :   |c University of Massachusetts, Amherst) 
245 1 0 |a Curves, Jacobians, and Abelian varieties :  |b proceedings of an AMS-IMS-SIAM Joint Summer Research Conference on the Schottky Problem /  |c Ron Donagi, editor 
260 |a Providence, R.I. :   |b American Mathematical Society,   |c c1992 
300 |a vii, 342 p.;  |b ill.;  |c 26 cm. 
490 1 |a Contemporary mathematics  |v ; 136 
500 |a Conference held June 21-27, 1990 at the University of Massachusetts, Amherst. 
500 |a Includes bibliographical references 
650 0 0 |a Curves, Algebraic  |x Congresses. 
650 0 0 |a Jacobians  |x Congresses. 
700 1 |a Donagi, Ron.  |4 edt 
830 0 |a Contemporary mathematics (American Mathematical Society) ;  |v ; 136 
852 |a INST  |b SAMOS  |e 19991015  |h 516.352 AMS  |p 005300012359  |q 005300012359  |t BK  |y 0 
901 |a BIBL3-1999-3 
909 |a Σ  |b 063430 
922 |a 3ΕΛΗ  |b 199907  |c ΕΠΕΑΕΚ/ΜΑΘ  |d ΠΑΠΑΣΩΤΗΡΙΟΥ 
970 |a ΠΟΥΡΝΑΡΑΣ  |b ΔΗΜΗΤΡΗΣ  |z 1999/10/15